000 00998nam a2200253Ia 4500
003 OSt
005 20220930094918.0
006 a|||||r|||| 00| 0
007 ta
008 220926b |||||||| |||| 00| 0 hin d
024 _a35313
037 _cTheses
040 _aCRL
_cCRL
_bhin
041 _2hin
_ahin
100 _aसाह, मुन्ना, ले.
110 _aदिल्ली विश्वविद्यालय. कला संकाय. हिन्दी
_9556740
245 0 _aतुलसी और सूर की समाज चेतना का तुलनात्मक अध्ययन।
246 _aTulasī aur sūr kī samāj chetanā kā tulanātmak adhyayana।
260 _c2016
300 _a322पृ.
_ap.
_ccm.
700 _aदिल्ली विश्वविद्यालय. कला संकाय. हिन्दी
_9556741
942 _cDIS
_2CC
999 _c887938
_d887938